A guide through the MEES Minefield (Record no. 84639)

MARC details
000 -LEADER
fixed length control field 00988cad a22002055a 4500
001 - CONTROL NUMBER
control field L158629
008 - FIXED-LENGTH DATA ELEMENTS--GENERAL INFORMATION
fixed length control field 150515e20150425xxk 000 0 eng d
035 ## - SYSTEM CONTROL NUMBER
System control number (Sirsi) u158629
041 0# - LANGUAGE CODE
Language code of text/sound track or separate title eng
100 1# - MAIN ENTRY--PERSONAL NAME
Personal name Woollam, Charles
245 02 - TITLE STATEMENT
Title A guide through the MEES Minefield
260 ## - PUBLICATION, DISTRIBUTION, ETC.
Date of publication, distribution, etc. 2015
490 ## - SERIES STATEMENT
Series statement Estates Gazette
Volume/sequential designation (1516) 25 April 2015, 76-78(3)
520 ## - SUMMARY, ETC.
Summary, etc. Examines how landlords of commercial buildings can prepare for the Minimum Energy Efficiency Standard (MEES) which takes effect from 1 April 2018. Under the Energy Efficiency (Private Rented Property) (England and Wales) Regulations 2015 it will not be lawful to grant or renew existing leases of 'substandard' buildings until either sufficient energy efficiency improvements have been made or landlords can show that either MEES does not apply or that they fall within an exemption.
590 ## - LOCAL NOTE (RLIN)
Local note KA
651 #4 - SUBJECT ADDED ENTRY--GEOGRAPHIC NAME
Geographic name England and Wales
Chronological subdivision 1543-
690 ## - LOCAL SUBJECT ADDED ENTRY--TOPICAL TERM (OCLC, RLIN)
Topical term or geographic name as entry element Energy
9 (RLIN) 6237
700 1# - ADDED ENTRY--PERSONAL NAME
Personal name Williams, Peter
942 ## - ADDED ENTRY ELEMENTS (KOHA)
Suppress in OPAC 0
Holdings
Withdrawn status Lost status Source of classification or shelving scheme Damaged status Not for loan Home library Current library Shelving location Date acquired Total Checkouts Full call number Barcode Date last seen Copy number Price effective from Koha item type
    Dewey Decimal Classification     London London Journal article 15/05/2015   L158629 158629-1001 06/08/2019 1 06/08/2019 Journal article